Quizzes
Events
Quiz Creation
Community
Videos
Private Events
Remove Ads
Sign In
Join for FREE
Feedback
Dark Mode
Quiz Categories
Sports
Geography
Music
Movies
Television
Just For Fun
Miscellaneous
History
Literature
Language
Science
Gaming
Entertainment
Religion
Holiday
For Kids
Quiz Lab
Recent
Popular Today
Quiz Kudos Today
Editor Picks
Curator Picks
Quizzes by...
Day
Popularity
Type
Ratings
Length
Year
Community
Subscriptions
Recent Discussions
Orange Saloon
Badges
Playlists
Quests
Create
Leaderboards
Showdown
Live 5
Trivia Bingo
Activity
Puzzle Library
Sporcle Events
Private Events
Virtual Trivia
Globe League
Become a Host
Pub Owners
SporcleCon
Opinionation
Our Games
Videos
Blog
Mobile Apps
Partnerships
Remove Ads and Go Orange
Feedback
Movies
Disney
Marvel Cinematic Universe
Movie Resume
Movie Titles
Oscar
Actor
Actress
Director
Pixar
Role
Movie Quotes
Movie Characters
Box Office
Nominee
Best Picture
Star Wars
James Bond
Horror Movies
Movies
Disney
Marvel Cinematic Universe
Movie Resume
Movie Titles
Oscar
Actor
Actress
Director
Pixar
Role
Movie Quotes
Movie Characters
Box Office
Nominee
Best Picture
Star Wars
James Bond
Horror Movies
Random Quiz
Search Sporcle
×
Quiz Lab
Quiz Lab
Movies
star
Type in answers that appear in a list
Type in answers that appear in a list
Classic
Best Score? Go Orange.
EW's 25 Most Controversial Movies Stats
Can you name the EW's 25 Most Controversial Movies?
By
movigodess
10m
25 Questions
1,225 Plays
1,225 Plays
1,225 Plays
Comments
Comments
Give Quiz Kudos
Give Quiz Kudos
-
- Ratings
hide this ad
Replay
Link that replays current quiz
Next Quiz
Link to next quiz in quiz playlist
You Got
0%
They Got
Avg Score
30%
Avg Friend Score
Upgrade to see
Score Distribution
Jump to the score distribution portion of the page
Score
0/25
Timer
10:00
0
Plays Today
Star/Year
Movie
% Correct
Malcolm McDowell (1971)
Clockwork Orange
69.8%
Sharon Stone (1992)
Basic Instinct
68.5%
Jim Caviezel (2004)
Passion of the Christ
65.7%
Spike Lee (1989)
Do the Right Thing
58.9%
Woody Harrelson (1994)
Natural Born Killers
46.8%
Warren Beatty (1967)
Bonnie and Clyde
43.3%
Tom Hanks (2006)
Da Vinci Code
40.4%
dir. Michael Moore (2004)
Fahrenheit 9|11
39.8%
Linda Lovelace (1972)
Deep Throat
35.1%
Robert DeNiro (1978)
Deer Hunter
34.4%
Marlon Brando (1972)
Last Tango in Paris
34%
Willem Dafoe (1988)
Last Temptation of Christ
31.8%
dir. Paul Greengrass (2006)
United 93
26.3%
Star/Year
Movie
% Correct
Lillian Gish (1915)
Birth of a Nation
25%
Rosario Dawson (1995)
Kids
23.8%
Kevin Costner (1991)
JFK
21.1%
Malcolm McDowell (1980)
Caligula
20.9%
dir. Leni Riefenstahl (1935)
Triumph of the Will
20%
Robin Williams (1992)
Aladdin
17.6%
dir. Ruggero Deodato (1985)
Cannibal Holocaust
10.6%
Wallace Ford (1932)
Freaks
10%
James Remar (1979)
Warriors
5.5%
Eli Wallach (1956)
Baby Doll
4.7%
Lena Nyman (1969)
I am Curious
2.9%
Anthony Quinn (1977)
The Message
2.2%
Quiz Playlist
Details
Report
Send in Message
Add To Playlist
Classic:
Type in answers that appear in a list
Quiz Source
Last Updated: Feb 16, 2017
Quiz Scoreboard
CHALLENGE
Sign Up to Join the Scoreboard
Show All
Scores
Hide
Comments
May contain spoilers
Recently Published
1-10 Letter E Words III
by El_Dandy
Language
2m
One Thing in Common: World Cities II
by knightlancer
Geography
7m
Popular People in 1961
by mucciniale
History
6m
More to Explore
Quiz From the Vault
Featured Blog Post
Where Did the Easter Bunny Come From?
hide this ad
You Might Also Like...
Tags
Controversial
star
Today's Top Quizzes in Movies
Browse Movies
hide this ad
Today's Top Quizzes in star
Browse star
Top Contributed Quizzes in Movies
1
Multi-Oscar Nominations, One Movie, One Winner
2
12 Movies about Fictional 1960s Events
3
One Thing in Common: Movies
4
Three Word 'T' Movies Match Up
5
Three Word 'H' Movies Match Up
6
Three Word 'M' Movies Match Up
7
Three Word 'L' Movies Match Up
8
Three Word 'R' Movies Match Up
9
Three Word 'S' Movies Match Up
10
Three Word 'U' & 'V' Movies Match Up
Explore More
Trending Topics
Harry Potter
Crossword
Disney
Marvel
Anime
NBA
Kpop
The Office
Puzzle
NFL
Soccer
WWE
Pokémon
Country
Song
hide this ad
More By:
movigodess
Quiz
Plays
Rating
Category
Featured
Created
Movies with Hot Sex Scenes
1,384
2.80
Movies
Apr 29, 2010
EW's 25 Most Controversial Movies
1,225
3.64
Movies
Apr 22, 2010
EW's 40 Scariest Movies
764
3.80
Movies
Apr 22, 2010
THE Horrors!
711
4.08
Movies
Dec 6, 2016
Disturbing Movies
652
4.67
Movies
May 4, 2010
Go to Creator's Profile
Score Distribution
Quiz Creator Spotlight
movigodess
Follow
Send a Message
Quizzes Created
-
Created Quiz Play Count
-
More By This Creator
Popular Quizzes Today
1
Find the US States - No Outlines Minefield
2
The Countries of the World
3
Popular People in 1961
4
Find the Countries of Europe - No Outlines Minefield
5
1-10 Letter E Words III
6
Find the US States
7
One Thing in Common: World Cities II
8
US States
More Movies Quizzes
Follow the Line: Captain America Civil War
Curator's Pick
Trending Quizzes
1-10 Letter F Words
One Thing in Common: Music
1-10 Letter G Words
Risky Map Clicking: Next State Alphabetically
1-10 Letter F Words II
Recently Updated
Leaping Animals
pecheneg
Reality TV Shows (A-Z)
bhenderson79
Rickey Henderson's Hall of Fame Teammates
pecheneg
Champions League XIs: Arsenal
pecheneg
Quick Pick: Celebrities in WWE's Hall of Fame
aduchscher
A-Z Keypad Blitz II
pecheneg
Multiple Oscar Actors
pecheneg
Mystery Phrase Blitz: Oscar 'Best Actors'
pecheneg
F. Scott Fitzgerald Novels
LTH
Pick 3 Villains
ddd62291
Trending Topics
Crossword
Kpop
Disney
Anime
Harry Potter
Marvel
NBA
Puzzle
Pokémon
Country
Song
NFL
Soccer
WWE
The Office
Your Account Isn't Verified!
In order to create a playlist on Sporcle, you need to verify the email address you used during registration. Go to your
Sporcle Settings
to finish the process.
Report this User
Report this user for behavior that violates our
Community Guidelines
.
Details:
Send Report
Go to the Sporcle.com Mobile Site →
Comments